00218nam a2200109Ia 4500100002000000366000700020245002800027260001400055082000800069300000800077546002300085 aDowney/Allen B  f20 aThink DSP:Dsp in python bSPDc2016 bMON a152 aENGLISHcComputers